000
00289nam a2200097Ia 4500
005
20251222114342.0
008
251222s1900||||xx |||||||||||||| ||spa||
082
_a
DVD0196/L45/2006/Ej.2
245
0
_a
Ceremonia de instalación de autoridades y entrega de resolución de autonomía.:
942
_c
DVD
999
_c
908
_d
908